Bo Burnham look who's inside again Lyrics - Statistics

General Stats
  • This quiz has been taken 243 times
  • The average score is 74 of 124
Answer Stats
Hint Answer % Correct
3 be
94%
4 funny
94%
2 to
94%
1 Trying
94%
8 a
92%
7 in
92%
9 room
92%
6 stuck
91%
10 there
89%
11 isn't
86%
12 much
86%
16 about
85%
13 more
85%
15 say
85%
14 to
85%
17 it
84%
5 and
82%
25 a
78%
26 room
78%
24 in
77%
23 stuck
77%
20 be
76%
18 can
76%
21 funny
76%
19 one
76%
22 when
73%
38 faces
67%
37 making
67%
36 try
67%
31 get
66%
35 it
66%
34 of
66%
33 out
66%
39 try
66%
30 to
65%
41 jokes
64%
42 making
64%
32 something
64%
43 little
63%
44 sounds
63%
40 telling
63%
29 trying
63%
47 a
60%
45 I
60%
28 in
60%
52 in
60%
48 kid
60%
46 was
60%
50 was
60%
53 his
59%
54 room
59%
51 stuck
59%
49 who
59%
27 Being
58%
61 about
56%
56 isn't
56%
62 it
56%
58 more
56%
57 much
56%
60 say
56%
55 There
56%
59 to
56%
65 a
54%
67 and
54%
66 kid
54%
70 in
52%
72 room
52%
69 stuck
52%
63 When
52%
71 your
52%
64 You're
52%
68 you're
52%
107 again
51%
108 Well,
51%
109 well
51%
123 you
50%
103 a
49%
115 come
49%
122 got
49%
119 hands
49%
114 Now,
49%
116 out
49%
124 surrounded
49%
120 up
49%
98 Went
49%
121 we've
49%
117 with
49%
118 your
49%
97 again
48%
102 for
48%
106 hide
48%
96 inside
48%
94 Look
48%
101 look
48%
99 out
48%
104 reason
48%
100 to
48%
105 to
48%
92 Well,
48%
93 well
48%
95 who's
48%
75 any
47%
110 Buddy,
47%
74 do
47%
112 found
47%
113 it
47%
111 you
47%
73 You'll
47%
79 get
46%
90 little
46%
89 making
46%
81 of
46%
76 old
46%
80 out
46%
91 sounds
46%
78 to
46%
85 faces
45%
82 it
45%
88 jokes
45%
84 making
45%
77 shit
45%
87 telling
45%
83 try
45%
86 Try
45%
No matching quizzes found
Score Distribution
Percent of People with Each Score
Percentile by Number Answered
Your Score History
You have not taken this quiz